00458nam a22001817a 4500003000400000005001700004008004100021020002200062040001000084082002000094100001300114245004300127260004700170300001000217630002000227650001400247650001500261OSt20260428152444.0260428b |||||||| |||| 00| 0 eng d a978-1-009-36268-9 cSBCL  a338.954 bRAH-H aRahul,De aA History of Economic Policy in India  aNewYork bCambridge University Pressc2023 a188p. xSocial sciences aEconomics aProduction